Greek Revival from the Garden : (Record no. 75024)

MARC details
000 -LEADER
campo de control de longitud fija 00550nmm a2200157Ia 4500
008 - DATOS DE LONGITUD FIJA--INFORMACIÓN GENERAL
campo de control de longitud fija 251105s9999||||xx |||||||||||||||||und||
020 ## - NÚMERO INTERNACIONAL ESTÁNDAR DEL LIBRO
Número Internacional Estándar del Libro 9781611171907
041 ## - CÓDIGO DE IDIOMA
Código de lengua del texto/banda sonora o título independiente eng
100 ## - ENTRADA PRINCIPAL--NOMBRE DE PERSONA
Nombre de persona Moore-Pastides, Patricia
245 #0 - MENCIÓN DEL TÍTULO
Título Greek Revival from the Garden :
Resto del título Growing and Cooking for Life
264 ## - PRODUCCIÓN, PUBLICACIÓN, DISTRIBUCIÓN, FABRICACIÓN Y COPYRIGHT
Producción, publicación, distribución, fabricación y copyright [Washington, Estados Unidos] :
Nombre del de productor, editor, distribuidor, fabricante University of South Carolina Press,
Fecha de producción, publicación, distribución, fabricación o copyright [Fecha de publicación no identificada]
300 ## - DESCRIPCIÓN FÍSICA
Extensión 0 páginas
490 ## - MENCIÓN DE SERIE
Mención de serie Young Palmetto Books
856 ## - LOCALIZACIÓN Y ACCESO ELECTRÓNICOS
Identificador Uniforme de Recursos <a href="https://public.digitaliapublishing.com/a/83374">https://public.digitaliapublishing.com/a/83374</a>
942 ## - ELEMENTOS DE ENTRADA SECUNDARIOS (KOHA)
Tipo de ítem Koha Libro Digital

No items available.

Powered by Koha